UM Logo

Principles of auditing & other assurance services/ (Record no. 3722)

MARC details
000 -LEADER
fixed length control field 00614nam a22001937a 4500
008 - FIXED-LENGTH DATA ELEMENTS--GENERAL INFORMATION
fixed length control field 160806b xxu||||| |||| 00| 0 eng d
020 ## - INTERNATIONAL STANDARD BOOK NUMBER
International Standard Book Number 9780071279475
082 ## - DEWEY DECIMAL CLASSIFICATION NUMBER
Edition number 2008
Classification number DC 657.45
Item number W58p
100 ## - MAIN ENTRY--PERSONAL NAME
9 (RLIN) 12396
Personal name Whittington, O. Ray
245 ## - TITLE STATEMENT
Title Principles of auditing & other assurance services/
Statement of responsibility, etc. O. Ray Whittington and Kurt Pany.
250 ## - EDITION STATEMENT
Edition statement 16th edition
260 ## - PUBLICATION, DISTRIBUTION, ETC. (IMPRINT)
Place of publication, distribution, etc. Boston:
Name of publisher, distributor, etc. McGraw-Hill,
Date of publication, distribution, etc. c2008.
300 ## - PHYSICAL DESCRIPTION
Extent xxx, 847 pages:
Other physical details illustrations;
Dimensions 26 cm.
500 ## - GENERAL NOTE
General note Includes index.
650 #0 - SUBJECT ADDED ENTRY--TOPICAL TERM
9 (RLIN) 12397
Topical term or geographic name as entry element Auditing
700 ## - ADDED ENTRY--PERSONAL NAME
9 (RLIN) 12398
Personal name Pany, Kurt
Relator term Author
365 ## - TRADE PRICE
Price type code Php
Price amount 3292.00
942 ## - ADDED ENTRY ELEMENTS (KOHA)
Source of classification or shelving scheme Dewey Decimal Classification
Koha item type Circulation
Holdings
Withdrawn status Lost status Source of classification or shelving scheme Damaged status Not for loan Collection code Home library Current library Date acquired Source of acquisition Total Checkouts Full call number Barcode Date last seen Copy number Price effective from Koha item type Date last checked out
    Dewey Decimal Classification     Circulation UM Digos College - LIC UM Digos College - LIC 09/18/2009 Purchased   DC 657.45 W58p 2008 20404 05/15/2025 1 08/06/2016 Circulation  
    Dewey Decimal Classification     Circulation UM Digos College - LIC UM Digos College - LIC 09/18/2009 Purchased   DC 657.45 W58p 2008 20405 05/15/2025 2 08/06/2016 Circulation  
    Dewey Decimal Classification     Circulation UM Digos College - LIC UM Digos College - LIC 09/18/2009 Purchased 3 DC 657.45 W58p 2008 20406 05/15/2025 3 08/06/2016 Circulation 03/10/2018